LEADER 01582nam a2200385 i 4500 001 991002038779707536 005 20020508185427.0 008 980309s1966 uk ||| | eng 020 $a0674992601 (v. 1) 035 $ab10950011-39ule_inst 035 $aPARLA153395$9ExL 040 $aDip.to Scienze dell'Antichità$bita 041 0 $aeng$agrc$hgrc 100 1 $aArrianus, Flavius$04213 240 10$aAlexandri Anabasis $917190 240 10$aHistoria indica$917191 245 10$aArrian /$cwith an english translation by P.A. Brunt (v. 1), E. Iliff Robson (v. 2) 260 $aLondon :$bHeinemann ; Cambridge, Mass. : Harvard University Press,$c1966 300 $a2 v. ;$c17 cm 440 4$aThe Loeb classical library [Autori greci] ;$v269 500 $aTesto greco a fronte 500 $aTit. in cop.: History of Alexander and Indica 505 $av. 1.: Anabasis Alexandri (books I-IV) - v. 2 Anabasis Alexandri (books V-VII). Indica. (book VIII). 700 1 $aBrunt, Peter Astbury 700 1 $aRobson, E. Iliff 740 0 $aHistory of Alexander 740 0 $aIndica 907 $a.b10950011$b02-04-14$c28-06-02 912 $a991002038779707536 945 $aLE007 LOEB Arrianus 01$cv. 1$g1$i2015000018953$lle007$o-$pE0.00$q-$rn$so $t0$u0$v0$w0$x0$y.i11057488$z28-06-02 945 $aLE007 LOEB Arrianus 01$cv. 2$g1$i2015000010261$lle007$o-$pE0.00$q-$rn$so $t0$u0$v0$w0$x0$y.i11057476$z28-06-02 996 $aHistoria indica$917191 996 $aAlexandri Anabasis$917190 997 $aUNISALENTO 998 $ale007$b01-01-98$cm$da $e-$feng$guk $h0$i1 LEADER 01881nam 22005893 450 001 9910587590303321 005 20250401192211.0 035 $a(CKB)5450000000366548 035 $a(MiAaPQ)EBC7070903 035 $a(Au-PeEL)EBL7070903 035 $a(PPN)272838691 035 $a(OCoLC)1348610310 035 $a(FINmELB)ELB214991 035 $a(EXLCZ)995450000000366548 100 $a20220824d2021 uy 0 101 0 $aspa 135 $aurcnu|||||||| 181 $ctxt$2rdacontent 182 $cc$2rdamedia 183 $acr$2rdacarrier 200 10$aAfrodescendencias $eDebates y Desafíos Ante Nuevas Realidades 210 1$aBuenos Aires :$cConsejo Latinoamericano de Ciencias Sociales,$d2021. 210 4$d©2021. 215 $a1 online resource (258 pages) 225 1 $aColeccio?n Grupos de trabajo. Serie Ge?nero, raza y derechos humanos 311 08$a9789878130729 311 08$a987813072X 320 $aContiene referencias bibliogra?ficas. 410 0$aColeccio?n Grupos de trabajo. Serie Ge?nero, raza y derechos humanos. 606 $aBlack people$xSocial conditions 606 $aRace discrimination 606 $aSocial integration 606 $aNegros$xCondiciones sociales 606 $aDiscriminacio?n racial 606 $aIntegracio?n social 608 $aLibros electro?nicos. 615 0$aBlack people$xSocial conditions. 615 0$aRace discrimination. 615 0$aSocial integration. 615 4$aNegros$xCondiciones sociales. 615 4$aDiscriminacio?n racial. 615 4$aIntegracio?n social. 676 $a305.896 700 $aCampoalegre Septien$b Rosa$01253763 702 $aCampoalegre Septien$b Rosa 801 0$bMiAaPQ 801 1$bMiAaPQ 801 2$bMiAaPQ 906 $aBOOK 912 $a9910587590303321 996 $aAfrodescendencias$92907331 997 $aUNINA